Alternative time patterns of decisions and dynamic strategic interactions

Saved in:
Bibliographic Details
Main Author: Cahuc, Pierre
Other Authors: Kempf, Hubert
Format: Book
Language:English
Published: San Domenico (FI) European University Institute 1995
Series:EUI Working paper ECO No. 95/11
Subjects:
Tags: Add Tag
No Tags, Be the first to tag this record!

MARC

LEADER 00000nam a2200000 4500
001 c134021
005 20221123112140.0
041 0 |a eng 
044 |a IT 
245 1 0 |a Alternative time patterns of decisions and dynamic strategic interactions  |c Pierre Cahuc adn Hubert Kempf 
264 1 |a San Domenico (FI)  |b European University Institute  |c 1995 
300 |a 31 s. 
490 1 |a EUI Working paper ECO  |v No. 95/11 
830 0 |a EUI Working paper ECO  |v No. 95/11 
610 2 0 |a hry ekonomické 
610 2 0 |a modelovanie ekonometrické 
610 2 0 |a modely ekonomicko-matematické 
100 1 |a Cahuc, Pierre 
700 1 |a Kempf, Hubert